| 000 | 00807nam a22003017a 4500 | ||
|---|---|---|---|
| 001 | 0036729 | ||
| 003 | KOHA_MİRAKIL | ||
| 005 | 20260207003015.0 | ||
| 007 | ta | ||
| 008 | 120430b2011 tu a|||gr||||#||||0|tur | | ||
| 020 | _a9786055431600 | ||
| 040 |
_aTR-BiSEU _btur _cTR-BiSEU _erda |
||
| 041 | 0 | _atur | |
| 044 | _ctu | ||
| 050 |
_aHB172 _b.D56 2011 |
||
| 100 | 1 | _aDinler, Zeynel. | |
| 245 | 1 |
_aMikroekonomi/ _cZeynel Dinler ; Zeynel Dinler. |
|
| 264 | 1 |
_aBursa : _bEkin Kitabevi _c2011 |
|
| 300 |
_a614 sayfa : _btbl. ; _c21 cm. |
||
| 336 |
_ametin _btxt _2rdacontent |
||
| 337 |
_aaracısız _bn _2rdamedia |
||
| 338 |
_acilt _bnc _2rdacarrier |
||
| 500 | _aDizin var. | ||
| 500 | _aKaynakça var. | ||
| 650 | 0 |
_aMikroekonomi. _91880 |
|
| 650 | 0 |
_aMacroeconomics. _95144 |
|
| 942 |
_2lcc _cBK |
||
| 999 |
_c36618 _d36618 |
||